[Event "Eurasia Open Cup 2018"]
[Site "Jekaterienburg"]
[Date "2018.08.03"]
[Round "3"]
[White "Badmatsyrenov, Oleg"]
[Black "Kopylov, Artem"]
[Result "1-0"]
[WhiteElo "2454"]
[BlackElo "1716"]
[Annotator "TA"]
[PlyCount "47"]
[EventDate "2018.08.01"]
[EventType "swiss"]
[EventCountry "RUS"]
[SourceTitle "playchess.com"]
[Source "ChessBase"]
[SourceQuality "1"]

{[%evp 15,47,0,35,8,31,31,40,-2,44,0,25,29,128,51,67,52,71,75,60,12,86,0,295,284,771,776,1095,1091,29983,29984,29991,29992,29992,29993]} 1. e4 c5 2. Nf3 e6 3. d4 cxd4 4. Nxd4 Nf6 5. Nc3 d6 6. f4 Nc6 7. Be3 Be7 8. Nb3 {B82: Sizilianisch (Scheveninger System)} (8. Qf3 e5 9. Nxc6 bxc6 10. f5 h5 11. O-O-O Qa5 12. Bc4 Bb7 13. Bb3 Rd8 14. Bg5 Qc7 15. Kb1 Ba8 16. g3 Rb8 17. h3 a5 18. g4 {0-1 (83) Sychev,K (2527)-Kobalia,M (2608) Yaroslavl 2018}) 8... a6 {LiveBook: 4 Partien} 9. g4 b5 $146 ({Vorgänger:} 9... Qc7 10. g5 Nd7 11. Bg2 b5 12. a3 Bb7 13. f5 Nde5 14. fxe6 fxe6 15. Bh3 Bc8 16. O-O Nf7 17. Nd4 Nxd4 18. Qxd4 O-O 19. Qd2 Bd7 20. Ne2 Ne5 21. Nd4 Qc8 22. b3 {½-½ (22) Micanek,T-Buldrova,M Plzen 1998}) 10. g5 {Weiß steht etwas besser.} Nd7 11. Bg2 Bb7 12. O-O O-O 13. Qh5 Qc7 {[#]} (13... g6 $11 14. Qh6 Re8) 14. f5 (14. Rf3 $1 $16) 14... Nce5 {Weiss sollte ...b4 verhindern.} 15. Nd4 exf5 16. Nxf5 Rfe8 17. Bd4 {Schwarz muss nun Sxg7! beachten.} Qc4 (17... Kh8 $11 {bleibt in der Remisbreite.} 18. Nxe7 Rxe7) 18. Bh3 $40 {[%mdl 128] Weiss greift an.} ({Lieber} 18. Rad1 $16) 18... b4 $2 {[%mdl 8192]} (18... g6 $1 $11 {und Schwarz muss sich keine Sorgen machen.} 19. Nh6+ Kg7) 19. b3 $18 Qc7 $2 {[#]} (19... Qe6 20. Nh6+ gxh6 21. Bxe6 fxe6 22. Qxh6 Bf8 23. Rxf8+ Nxf8) 20. Nxg7 $1 {[%mdl 512]} bxc3 (20... Kxg7 21. Rxf7+) 21. Nxe8 Rxe8 {[#]} 22. Rxf7 $1 {[%mdl 512] Weiß setzt Matt.} Nxf7 23. g6 {[%cal Bg5g6,Bg6f7][%mdl 32]} Nf6 24. gxf7+ {Precision: Weiß = 39%, Schwarz = 11%.} 1-0

[Event "Eurasia Open Cup 2018"]
[Site "Jekaterienburg"]
[Date "2018.08.03"]
[Round "3"]
[White "Mokshanov, Alexey"]
[Black "Pakeeva, Namlana"]
[Result "1-0"]
[WhiteElo "2439"]
[BlackElo "1623"]
[Annotator "NA"]
[PlyCount "75"]
[EventDate "2018.08.01"]
[EventType "swiss"]
[EventCountry "RUS"]
[SourceTitle "playchess.com"]
[Source "ChessBase"]
[SourceQuality "1"]
[TimeControl "5400+30"]

1. e4 {[%emt 0:00:00]} c5 {[%emt 0:00:05]} 2. Nf3 {[%emt 0:00:04]} e6 {[%emt 0:00:08]} 3. c3 {[%emt 0:00:05]} Nf6 {[%emt 0:00:32]} 4. e5 {[%emt 0:00:00]} Nd5 {[%emt 0:00:06]} 5. Bc4 {[%emt 0:00:00]} d6 {[%emt 0:00:09]} 6. d4 {[%emt 0:00:07]} cxd4 {[%emt 0:00:26]} 7. cxd4 {[%emt 0:00:07]} Nc6 {[%emt 0:00:24]} 8. O-O {[%emt 0:00:09]} Be7 {[%emt 0:00:16]} 9. a3 {[%emt 0:01:33]} Nb6 {[%emt 0:01:02] B22: Sicilian: 2 c3} (9... O-O 10. Bd3 Bd7 11. Qc2 g6 12. Bh6 Re8 13. Nbd2 Rc8 14. Qd1 dxe5 15. dxe5 Qc7 16. Qe1 Red8 17. Qe4 b5 {½-½ (70) Wang,H (2734)-Yu,Y (2734) Danzhou 2016 CBM 174 [Bronznik,V]}) 10. Bd3 {[%emt 0:00:14]} dxe5 {[%emt 0:03:20]} 11. dxe5 {[%emt 0:00:10]} O-O {[%emt 0:03:43]} 12. Nc3 {[%emt 0:02:26]} Nd7 {[%emt 0:07:26]} 13. Bf4 {[%emt 0:03:18]} b6 $146 {[%emt 0:07:30]} ({Predecessor:} 13... Nc5 14. Bc2 Qxd1 15. Rfxd1 a5 16. Rac1 b6 17. Ne4 {½-½ (58) Kiefhaber,V (2242)-Fojudzka,A (2221) Germany 2011}) 14. Qe2 {[%emt 0:00:41]} Nc5 {[%emt 0:04:37]} 15. Bb5 {[%emt 0:02:55]} Bb7 {[%emt 0:03:30]} 16. Rfd1 {[%emt 0:05:30]} Qc7 {[%emt 0:02:41]} 17. b4 {[%emt 0:00:09]} Nd7 {[%emt 0:07:31]} 18. Bd3 {[%emt 0:23:33]} a6 {[%emt 0:16:26]} ({Don't blunder} 18... Nxb4 $2 19. Nb5 $18 (19. axb4 Qxc3 20. Be4 Bxe4 $16)) 19. Rac1 {[%emt 0:04:00]} ({Don't take} 19. Qe4 $6 g6 $16) 19... b5 {[%emt 0:03:50]} 20. Ne4 {[%emt 0:08:58]} Nb6 {[%emt 0:06:47]} 21. Bg5 $2 {[%emt 0:00:00]} (21. Nf6+ $18 {and White stays clearly on top.} gxf6 22. Ng5) 21... Bxg5 {[%emt 0:02:07]} 22. Nexg5 {[%emt 0:00:47]} h6 {[%emt 0:02:23]} 23. Qe4 {[%emt 0:06:38]} g6 {[%emt 0:03:21] [#]} 24. Nh3 $14 {[%emt 0:03:00]} (24. Nxe6 $1 $18 {[%mdl 512]} fxe6 25. Qxg6+ Qg7 26. Qxe6+ Kh8 27. Nh4 Nxe5 {[#]} 28. Qxe5 $1 {[%mdl 512]} (28. Qxb6 Nf3+ 29. Nxf3 Bxf3 $11) 28... Qxe5 29. Ng6+ Kg7 30. Nxe5) 24... Nd5 {[%emt 0:04:35]} 25. Nf4 {[%emt 0:00:20]} Nde7 {[%emt 0:06:34]} 26. h4 {[%emt 0:01:11]} Nf5 {[%emt 0:03:02]} 27. h5 {[%emt 0:06:27]} Kh7 {[%emt 0:00:15]} 28. hxg6+ {[%emt 0:02:47]} fxg6 {[%emt 0:00:21]} 29. Nxe6 {[%emt 0:00:10]} Qb6 {[%emt 0:00:09]} 30. Nxf8+ {[%emt 0:04:16]} Rxf8 {[%emt 0:00:00]} 31. Qg4 {[%emt 0:00:09]} Bc8 {[%emt 0:00:04]} 32. Bxf5 {[%emt 0:00:03]} Bxf5 {[%emt 0:00:00]} 33. Qf4 {[%emt 0:00:00]} Ne7 {[%emt 0:00:19]} 34. Qd4 {[%emt 0:00:30]} Qb7 {[%emt 0:01:59]} 35. Qd6 {[%emt 0:00:00]} Rc8 {[%emt 0:00:25]} 36. e6 {[%emt 0:00:55]} Bg4 {[%emt 0:00:00]} 37. Rxc8 {[%emt 0:00:06]} Nxc8 {[%emt 0:01:04]} 38. Qd7+ {[%emt 0:00:12]} 1-0

[Event "Eurasia Open Cup 2018"]
[Site "Jekaterienburg"]
[Date "2018.08.03"]
[Round "3"]
[White "Shinkevich, Vitaly"]
[Black "Kryakvin, Dmitry"]
[Result "1/2-1/2"]
[WhiteElo "2437"]
[BlackElo "2591"]
[Annotator "ChessBase"]
[PlyCount "36"]
[EventDate "2018.08.01"]
[EventType "swiss"]
[EventCountry "RUS"]
[SourceTitle "playchess.com"]
[Source "ChessBase"]
[SourceQuality "1"]
[TimeControl "5400+30"]

1. Nf3 {[%emt 0:00:00]} d5 {[%emt 0:00:00]} 2. d4 {[%emt 0:00:00]} Nf6 {[%emt 0:00:00]} 3. c4 {[%emt 0:00:00]} dxc4 {[%emt 0:00:00]} 4. e3 {[%emt 0:03:34]} e6 {[%emt 0:00:11]} 5. Bxc4 {[%emt 0:00:09]} c5 {[%emt 0:00:35]} 6. O-O {[%emt 0:00:28]} Nc6 {[%emt 0:00:10]} 7. Nc3 {[%emt 0:02:22]} a6 {[%emt 0:00:55]} 8. a4 {[%emt 0:03:29]} Be7 {[%emt 0:02:10]} 9. Qe2 {[%emt 0:01:19]} cxd4 {[%emt 0:01:39]} 10. Rd1 {[%emt 0:00:14]} O-O {[%emt 0:15:03]} 11. exd4 {[%emt 0:00:01]} Nd5 {[%emt 0:01:30]} 12. Qe4 {[%emt 0:00:44]} Nf6 {[%emt 0:05:33]} 13. Qh4 {[%emt 0:06:49]} Nd5 {[%emt 0:00:19]} 14. Qe4 {[%emt 0:00:14]} Nf6 {[%emt 0:09:57]} 15. Qh4 {[%emt 0:00:50]} Nd5 {[%emt 0:00:25]} 16. Qe4 {[%emt 0:00:28]} Nf6 {[%emt 0:00:07]} 17. Qh4 {[%emt 0:01:35]} Nd5 {[%emt 0:00:01]} 18. Qg3 {[%emt 0:00:30]} Bd6 {[%emt 0:00:30]} 1/2-1/2

[Event "Eurasia Open Cup 2018"]
[Site "Jekaterienburg"]
[Date "2018.08.03"]
[Round "3"]
[White "Drygalov, Sergey"]
[Black "Shaposhnikov, Evgeny"]
[Result "1/2-1/2"]
[WhiteElo "2433"]
[BlackElo "2588"]
[Annotator "ChessBase"]
[PlyCount "115"]
[EventDate "2018.08.01"]
[EventType "swiss"]
[EventCountry "RUS"]
[SourceTitle "playchess.com"]
[Source "ChessBase"]
[SourceQuality "1"]
[TimeControl "5400+30"]

1. d4 {[%emt 0:00:00]} Nf6 {[%emt 0:00:31]} 2. c4 {[%emt 0:00:22]} e6 {[%emt 0:00:11]} 3. Nf3 {[%emt 0:00:04]} b6 {[%emt 0:00:21]} 4. g3 {[%emt 0:00:04]} Bb4+ {[%emt 0:00:24]} 5. Bd2 {[%emt 0:00:04]} c5 {[%emt 0:00:11]} 6. Bg2 {[%emt 0:01:02]} Bb7 {[%emt 0:00:13]} 7. Bxb4 {[%emt 0:00:28]} cxb4 {[%emt 0:00:02]} 8. O-O {[%emt 0:00:06]} a5 {[%emt 0:00:21]} 9. Qd3 {[%emt 0:03:17]} O-O {[%emt 0:01:44]} 10. Nbd2 {[%emt 0:00:09]} d6 {[%emt 0:01:18]} 11. a3 {[%emt 0:03:12]} Na6 {[%emt 0:00:48]} 12. Rfd1 {[%emt 0:03:41]} Qc7 {[%emt 0:02:39]} 13. e4 {[%emt 0:08:20]} e5 {[%emt 0:01:24]} 14. Qe3 {[%emt 0:08:58]} Rfe8 {[%emt 0:03:11]} 15. d5 {[%emt 0:01:01]} Bc8 {[%emt 0:00:11]} 16. Ne1 {[%emt 0:03:24]} Ng4 {[%emt 0:08:59]} 17. Qe2 {[%emt 0:02:04]} f5 {[%emt 0:00:43]} 18. Nd3 {[%emt 0:01:47]} Bd7 {[%emt 0:12:44]} 19. axb4 {[%emt 0:31:11]} Nxb4 {[%emt 0:01:19]} 20. Nxb4 {[%emt 0:01:42]} axb4 {[%emt 0:00:09]} 21. exf5 {[%emt 0:00:05]} Bxf5 {[%emt 0:01:38]} 22. Be4 {[%emt 0:00:45]} Bd7 {[%emt 0:10:07]} 23. Kg2 {[%emt 0:02:13]} Nf6 {[%emt 0:02:31]} 24. f3 {[%emt 0:03:20]} Rf8 {[%emt 0:03:19]} 25. Bd3 {[%emt 0:01:10]} Qc8 {[%emt 0:11:43]} 26. Rxa8 {[%emt 0:06:25]} Qxa8 {[%emt 0:00:32]} 27. Nb3 {[%emt 0:01:39]} Qc8 {[%emt 0:03:29]} 28. Nd2 {[%emt 0:03:08]} Bh3+ {[%emt 0:05:13]} 29. Kh1 {[%emt 0:00:52]} h5 {[%emt 0:03:23]} 30. Qe3 {[%emt 0:03:07]} Qc5 {[%emt 0:01:50]} 31. Qxc5 {[%emt 0:00:47]} bxc5 {[%emt 0:00:19]} 32. Ra1 {[%emt 0:00:20]} g5 {[%emt 0:07:23]} 33. Kg1 {[%emt 0:01:09]} Bc8 {[%emt 0:03:35]} 34. Ra7 {[%emt 0:04:15]} g4 {[%emt 0:01:26]} 35. fxg4 {[%emt 0:00:29]} Bxg4 {[%emt 0:04:01]} 36. Kg2 {[%emt 0:02:08]} e4 {[%emt 0:01:24]} 37. Nxe4 {[%emt 0:00:55]} Nxe4 {[%emt 0:00:08]} 38. Bxe4 {[%emt 0:00:02]} Re8 {[%emt 0:00:18]} 39. Bh7+ {[%emt 0:03:30]} Kh8 {[%emt 0:00:11]} 40. h3 {[%emt 0:00:23]} Re2+ {[%emt 0:01:09]} 41. Kf1 {[%emt 0:00:03]} Bf3 {[%emt 0:00:08]} 42. b3 {[%emt 0:01:22]} Rb2 {[%emt 0:00:39]} 43. Bf5 {[%emt 0:00:10]} Rxb3 {[%emt 0:01:39]} 44. g4 {[%emt 0:00:02]} hxg4 {[%emt 0:02:12]} 45. hxg4 {[%emt 0:00:04]} Ra3 {[%emt 0:02:41]} 46. Rb7 {[%emt 0:00:02]} Rc3 {[%emt 0:00:41]} 47. Kf2 {[%emt 0:01:50]} Bd1 {[%emt 0:01:13]} 48. Rb6 {[%emt 0:00:44]} b3 {[%emt 0:02:45]} 49. Rxd6 {[%emt 0:00:02]} Rxc4 {[%emt 0:00:03]} 50. Rb6 {[%emt 0:00:02]} Rd4 {[%emt 0:01:27]} 51. d6 {[%emt 0:00:01]} Bc2 {[%emt 0:00:30]} 52. Ke3 {[%emt 0:00:02]} Kg7 {[%emt 0:00:30]} 53. d7 {[%emt 0:00:01]} Kf7 {[%emt 0:00:30]} 54. Rb8 {[%emt 0:00:41]} Bxf5 {[%emt 0:00:02]} 55. gxf5 {[%emt 0:00:01]} Rxd7 {[%emt 0:00:44]} 56. Rxb3 {[%emt 0:00:02]} Kf6 {[%emt 0:00:44]} 57. Rb5 {[%emt 0:00:08]} Rd5 {[%emt 0:00:28]} 58. Ke4 {[%emt 0:00:02]} 1/2-1/2

[Event "Eurasia Open Cup 2018"]
[Site "Jekaterienburg"]
[Date "2018.08.03"]
[Round "3"]
[White "Makhmutov, Rail"]
[Black "Chigaev, Maksim"]
[Result "0-1"]
[WhiteElo "2416"]
[BlackElo "2577"]
[Annotator "TA"]
[PlyCount "76"]
[EventDate "2018.08.01"]
[EventType "swiss"]
[EventCountry "RUS"]
[SourceTitle "playchess.com"]
[Source "ChessBase"]
[SourceQuality "1"]

{[%evp 9,76,41,54,39,58,52,64,68,66,67,73,68,62,57,69,71,73,72,73,52,140,134,143,81,89,61,67,61,85,75,80,73,73,71,58,41,51,45,55,51,70,47,127,117,170,102,94,89,83,90,82,88,83,87,108,108,99,110,102,57,56,64,54,43,56,32,12,-504,-489]} 1. b3 e5 2. Bb2 d6 3. e3 g6 4. d4 Bg7 5. dxe5 Bxe5 (5... dxe5 6. Qxd8+ Kxd8 7. Nf3 Nd7 8. Na3 Ne7 9. O-O-O f6 10. Bc4 c6 11. Be6 Kc7 12. Nc4 {1-0 (34) Nakamura,H (2777)-Hou,Y (2658) chess.com INT 2018}) 6. Nc3 {A01: Nimzowitsch-Larsen Opening} Bg7 7. Qd2 $146 ({Predecessor:} 7. Nf3 Nf6 8. Bd3 O-O 9. Qd2 a6 10. O-O-O b5 11. h4 Bg4 12. Rdg1 {0-1 (37) Kovac,A (2165)-Banas,K (2213) Slovakia 2015}) 7... Nf6 8. O-O-O {White is slightly better.} O-O 9. e4 Nc6 10. f3 a5 11. a4 Nd7 12. h4 {[%cal Bh2h4,Bh4h5,Bh5h6][%mdl 32]} Nc5 13. h5 Be6 14. Kb1 g5 (14... Nb4 $14) 15. h6 $16 Be5 16. Nh3 (16. g3 $142) 16... f6 17. g3 g4 $1 {[%cal Rg4h3]} ({Of course not} 17... Bxg3 18. Rg1 $11) 18. Nf4 gxf3 19. Nxe6 Nxe6 20. Bc4 Qd7 21. Qe3 Kh8 {White should prevent ...Ng5.} 22. Qxf3 Ng5 23. Qf5 Qxf5 24. exf5 Ne7 25. Nb5 Nxf5 ({Black should play} 25... Rac8 $14) 26. Nxc7 Nxg3 (26... Rab8 $16) 27. Rhg1 (27. Nxa8 $18 Nxh1 28. Rxh1 Rxa8 29. Bd5) 27... Rac8 28. Ne6 Nxe6 29. Bxe6 Rce8 30. Bd5 {[#] Threatens to win with Bxe5.} Nf5 31. Bxb7 Re7 32. Bf3 Nxh6 33. Rd5 Ra7 34. Bd4 (34. Bc1 {keeps more tension.} Nf7 35. Be4 Ng5 36. Bf5 Re8 37. Rh1) 34... Bxd4 35. Rxd4 Nf7 36. Kb2 {[%mdl 1024] White has compensation.} f5 37. Bd5 Ne5 38. Be6 $2 {[%mdl 8192] [#]} (38. Rf1 $11) 38... Nf3 $1 {[%csl LRd4,LRg1] Precision: White = 59%, Black = 54%.} 0-1

[Event "Eurasia Open Cup 2018"]
[Site "Jekaterienburg"]
[Date "2018.08.03"]
[Round "3"]
[White "Faizrakhmanov, Ramil"]
[Black "Bocharov, Ivan"]
[Result "0-1"]
[WhiteElo "2407"]
[BlackElo "2552"]
[Annotator "ChessBase"]
[PlyCount "84"]
[EventDate "2018.08.01"]
[EventType "swiss"]
[EventCountry "RUS"]
[SourceTitle "playchess.com"]
[Source "ChessBase"]
[SourceQuality "1"]
[TimeControl "5400+30"]

1. d4 {[%emt 0:00:00]} d5 {[%emt 0:00:00]} 2. c4 {[%emt 0:00:00]} c6 {[%emt 0:00:00]} 3. Nc3 {[%emt 0:00:07]} Nf6 {[%emt 0:00:00]} 4. e3 {[%emt 0:00:26]} a6 {[%emt 0:00:19]} 5. Nf3 {[%emt 0:01:06]} Bf5 {[%emt 0:00:35]} 6. Qb3 {[%emt 0:00:58]} Ra7 {[%emt 0:00:00]} 7. Nh4 {[%emt 0:01:46]} Bc8 {[%emt 0:01:06]} 8. Qc2 {[%emt 0:00:58]} e6 {[%emt 0:00:49]} 9. Nf3 {[%emt 0:00:50]} c5 {[%emt 0:00:27]} 10. cxd5 {[%emt 0:06:54]} exd5 {[%emt 0:00:08]} 11. dxc5 {[%emt 0:00:48]} Bxc5 {[%emt 0:00:00]} 12. Be2 {[%emt 0:00:53]} O-O {[%emt 0:07:19]} 13. O-O {[%emt 0:00:14]} Qe7 {[%emt 0:03:28]} 14. Rd1 {[%emt 0:02:23]} Rd8 {[%emt 0:00:59]} 15. a3 {[%emt 0:00:10]} b5 {[%emt 0:06:22]} 16. b4 {[%emt 0:02:24]} Bd6 {[%emt 0:03:53]} 17. Bb2 {[%emt 0:01:48]} Rc7 {[%emt 0:04:43]} 18. Rac1 {[%emt 0:03:14]} Nc6 {[%emt 0:07:12]} 19. Qb1 {[%emt 0:07:06]} Be6 {[%emt 0:08:01]} 20. a4 {[%emt 0:23:17]} bxa4 {[%emt 0:02:30]} 21. Nxa4 {[%emt 0:00:37]} Nxb4 {[%emt 0:12:30]} 22. Bxf6 {[%emt 0:01:58]} gxf6 {[%emt 0:00:22]} 23. Rxc7 {[%emt 0:01:05]} Qxc7 {[%emt 0:01:08]} 24. Qb2 {[%emt 0:01:10]} Kg7 {[%emt 0:04:47]} 25. Rc1 {[%emt 0:01:20]} Qa5 {[%emt 0:00:28]} 26. Nc3 {[%emt 0:01:04]} Rc8 {[%emt 0:04:37]} 27. g3 {[%emt 0:04:51]} Be5 {[%emt 0:04:17]} 28. Nxe5 {[%emt 0:06:33]} fxe5 {[%emt 0:00:01]} 29. Rb1 {[%emt 0:00:25]} Bh3 {[%emt 0:06:03]} 30. Ra1 {[%emt 0:17:29]} Qc5 {[%emt 0:02:22]} 31. Nd1 {[%emt 0:01:14]} d4 {[%emt 0:01:10]} 32. exd4 {[%emt 0:01:36]} Qxd4 {[%emt 0:01:15]} 33. Bf1 {[%emt 0:02:21]} Bxf1 {[%emt 0:00:13]} 34. Qxd4 {[%emt 0:01:05]} exd4 {[%emt 0:00:01]} 35. Kxf1 {[%emt 0:00:08]} Rc5 {[%emt 0:02:01]} 36. Ra4 {[%emt 0:04:19]} a5 {[%emt 0:01:05]} 37. Ke1 {[%emt 0:00:09]} Kf6 {[%emt 0:00:35]} 38. f3 {[%emt 0:02:10]} Ke6 {[%emt 0:04:10]} 39. h4 {[%emt 0:01:36]} Kd5 {[%emt 0:00:57]} 40. Nb2 {[%emt 0:00:12]} Kc6 {[%emt 0:01:11]} 41. Kd1 {[%emt 0:00:54]} Kb5 {[%emt 0:00:01]} 42. Ra1 {[%emt 0:01:06]} Rc3 {[%emt 0:00:05]} 0-1

[Event "Eurasia Open Cup 2018"]
[Site "Jekaterienburg"]
[Date "2018.08.03"]
[Round "3"]
[White "Shapiro, David"]
[Black "Sorokin, Aleksey"]
[Result "1/2-1/2"]
[WhiteElo "2326"]
[BlackElo "2519"]
[Annotator "ChessBase"]
[PlyCount "82"]
[EventDate "2018.08.01"]
[EventType "swiss"]
[EventCountry "RUS"]
[SourceTitle "playchess.com"]
[Source "ChessBase"]
[SourceQuality "1"]
[TimeControl "5400+30"]

1. d4 {[%emt 0:00:00]} Nf6 {[%emt 0:00:00]} 2. c4 {[%emt 0:00:00]} e6 {[%emt 0:00:00]} 3. Nf3 {[%emt 0:00:00]} d5 {[%emt 0:00:30]} 4. Nc3 {[%emt 0:00:45]} c5 {[%emt 0:00:35]} 5. cxd5 {[%emt 0:01:05]} Nxd5 {[%emt 0:00:18]} 6. e4 {[%emt 0:00:45]} Nxc3 {[%emt 0:00:11]} 7. bxc3 {[%emt 0:00:06]} cxd4 {[%emt 0:00:09]} 8. cxd4 {[%emt 0:00:40]} Bb4+ {[%emt 0:00:07]} 9. Bd2 {[%emt 0:00:18]} Bxd2+ {[%emt 0:00:00]} 10. Qxd2 {[%emt 0:00:10]} O-O {[%emt 0:00:15]} 11. Bc4 {[%emt 0:01:34]} Nd7 {[%emt 0:00:47]} 12. O-O {[%emt 0:01:10]} b6 {[%emt 0:01:05]} 13. Rfc1 {[%emt 0:04:33]} Bb7 {[%emt 0:01:43]} 14. Qe3 {[%emt 0:00:44]} Rc8 {[%emt 0:03:37]} 15. a4 {[%emt 0:05:45]} h6 {[%emt 0:03:07]} 16. Bd3 {[%emt 0:05:37]} Rxc1+ {[%emt 0:05:08]} 17. Rxc1 {[%emt 0:01:00]} Qb8 {[%emt 0:01:20]} 18. Qe1 {[%emt 0:06:30]} Rc8 {[%emt 0:01:29]} 19. h3 {[%emt 0:09:17]} Nf6 {[%emt 0:07:14]} 20. Nd2 {[%emt 0:11:47]} Rxc1 {[%emt 0:01:35]} 21. Qxc1 {[%emt 0:00:32]} Qc8 {[%emt 0:00:38]} 22. Qxc8+ {[%emt 0:02:37]} Bxc8 {[%emt 0:00:10]} 23. Nb3 {[%emt 0:04:07]} a5 {[%emt 0:02:52]} 24. Nd2 {[%emt 0:06:04]} Bd7 {[%emt 0:01:29]} 25. Bc2 {[%emt 0:01:16]} b5 {[%emt 0:01:46]} 26. axb5 {[%emt 0:00:23]} Bxb5 {[%emt 0:00:38]} 27. Nb1 {[%emt 0:01:04]} Kf8 {[%emt 0:02:07]} 28. f3 {[%emt 0:03:02]} Ke7 {[%emt 0:01:38]} 29. Na3 {[%emt 0:01:17]} Ba6 {[%emt 0:00:40]} 30. Kf2 {[%emt 0:01:10]} Ne8 {[%emt 0:01:48]} 31. Ke3 {[%emt 0:01:00]} Nd6 {[%emt 0:02:11]} 32. Bb3 {[%emt 0:03:46]} Bf1 {[%emt 0:05:12]} 33. Kf2 {[%emt 0:00:52]} Nb5 {[%emt 0:01:12]} 34. Kxf1 {[%emt 0:04:43]} Nxa3 {[%emt 0:00:23]} 35. Ke2 {[%emt 0:00:11]} f6 {[%emt 0:02:29]} 36. Kd3 {[%emt 0:01:35]} e5 {[%emt 0:13:53]} 37. Ba4 {[%emt 0:01:06]} Kd6 {[%emt 0:00:55]} 38. Kc3 {[%emt 0:04:55]} g5 {[%emt 0:01:26]} 39. g3 {[%emt 0:01:09]} Nb1+ {[%emt 0:00:34]} 40. Kc2 {[%emt 0:00:24]} Na3+ {[%emt 0:00:33]} 41. Kc3 {[%emt 0:01:48]} f5 {[%emt 0:00:09]} 1/2-1/2

[Event "Eurasia Open Cup 2018"]
[Site "Jekaterienburg"]
[Date "2018.08.03"]
[Round "3"]
[White "Gusarov, Aleksey"]
[Black "Khanin, Semen"]
[Result "0-1"]
[WhiteElo "2238"]
[BlackElo "2494"]
[Annotator "ChessBase"]
[PlyCount "74"]
[EventDate "2018.08.01"]
[EventType "swiss"]
[EventCountry "RUS"]
[SourceTitle "playchess.com"]
[Source "ChessBase"]
[SourceQuality "1"]
[TimeControl "5400+30"]

1. c4 {[%emt 0:00:00]} Nf6 {[%emt 0:00:02]} 2. Nc3 {[%emt 0:00:15]} e5 {[%emt 0:00:05]} 3. a3 {[%emt 0:00:18]} g6 {[%emt 0:00:54]} 4. g3 {[%emt 0:01:24]} Bg7 {[%emt 0:00:15]} 5. Bg2 {[%emt 0:00:37]} O-O {[%emt 0:00:00]} 6. Nh3 {[%emt 0:00:00]} d6 {[%emt 0:04:24]} 7. O-O {[%emt 0:00:21]} Re8 {[%emt 0:01:37]} 8. d3 {[%emt 0:00:54]} a5 {[%emt 0:03:02]} 9. Ng5 {[%emt 0:01:33]} c6 {[%emt 0:03:56]} 10. Nge4 {[%emt 0:01:35]} Nxe4 {[%emt 0:00:52]} 11. dxe4 {[%emt 0:01:18]} Na6 {[%emt 0:01:18]} 12. Be3 {[%emt 0:04:04]} Be6 {[%emt 0:05:56]} 13. Na4 {[%emt 0:03:05]} Nc7 {[%emt 0:10:13]} 14. Rc1 {[%emt 0:02:51]} Ra6 {[%emt 0:03:37]} 15. Qd2 {[%emt 0:15:13]} b5 {[%emt 0:03:56]} 16. cxb5 {[%emt 0:01:32]} Nxb5 {[%emt 0:00:05]} 17. Qd3 {[%emt 0:06:48]} Qb8 {[%emt 0:10:12]} 18. Nc3 {[%emt 0:03:10]} a4 {[%emt 0:02:39]} 19. Nxb5 {[%emt 0:09:37]} cxb5 {[%emt 0:01:26]} 20. Qd2 {[%emt 0:00:52]} Bc4 {[%emt 0:00:29]} 21. Bf3 {[%emt 0:00:44]} d5 {[%emt 0:04:22]} 22. exd5 {[%emt 0:00:56]} e4 {[%emt 0:00:00]} 23. Bg2 {[%emt 0:11:53]} Qe5 {[%emt 0:00:21]} 24. Rfd1 {[%emt 0:01:48]} Qxb2 {[%emt 0:00:54]} 25. d6 {[%emt 0:01:01]} Qxa3 {[%emt 0:05:33]} 26. Bxe4 {[%emt 0:08:48]} Rd8 {[%emt 0:02:26]} 27. d7 {[%emt 0:03:28]} Qe7 {[%emt 0:07:30]} 28. Bb7 {[%emt 0:00:17]} Re6 {[%emt 0:01:59]} 29. Qa5 {[%emt 0:06:00]} Rxe3 {[%emt 0:02:40]} 30. fxe3 {[%emt 0:00:00]} Rxd7 {[%emt 0:01:34]} 31. Rxd7 {[%emt 0:01:10]} Qxd7 {[%emt 0:00:08]} 32. Qa8+ {[%emt 0:00:56]} Bf8 {[%emt 0:00:34]} 33. Kf2 {[%emt 0:01:26]} a3 {[%emt 0:00:32]} 34. Bf3 {[%emt 0:05:14]} Qd2 {[%emt 0:01:39]} 35. Rxc4 {[%emt 0:04:03]} bxc4 {[%emt 0:00:05]} 36. Bd5 {[%emt 0:00:05]} c3 {[%emt 0:08:54]} 37. Qd8 {[%emt 0:01:42]} Qxd5 {[%emt 0:00:00]} 0-1